| 000 | 00512cam a22001457a 4500 | ||
|---|---|---|---|
| 999 |
_c508405 _d508405 |
||
| 008 | 180718b-- xxu||||| |||| 00| 0 eng d | ||
| 082 | _aL1 R/1992-93/1 | ||
| 100 |
_aIndia. Ministry of Railways _93726 |
||
| 245 |
_aRailway budget, India, 1992-93 _cby Ministry of Railways |
||
| 260 |
_aDelhi _bGovernment of India _c1992 |
||
| 300 | _a125p. | ||
| 500 | _aLibrary has 1960/61-1969/70, 1977/78-1979/80, 1990/91- 2010/11, 2012/13 | ||
| 650 |
_aRailways - Appropriations and expenditures - India _93727 |
||
| 942 | _2ddc | ||